Теплоэнергетические установки: сборник нормативных документов; Правила техники безопасности при эксплуатации теплопотребляющих установок и тепловых сетей потребителей; Правила технической эксплуатации тепловых энергоустановок; Правила учета тепловой энергии и теплоносителя
| Sammanfattning: | Офиц. тексты по состоянию на 01.03.2006 г. В сборник включены основные нормативные документы, регламентирующие эксплуатацию теплоэнергетических установок: Правила технической эксплуатации тепловых энергоустановок; Правила техники безопасности при эксплуатации теплопотребляющих установок и тепловых сетей потребителей; Правила учета тепловой энергии и теплоносителя; Положение об оценке готовности электро- и теплоснабжающих организаций к работе в осенне-зимний период. Для руководителей и специалистов предприятий и организаций различных отраслей, форм собственности и ведомственной принадлежности, связанных с эксплуатацией теплоэнергетических установок. |
|---|---|
| Språk: | ryska |
| Publicerad: |
Москва, Энас, 2012
|
| TOC: | Правила техники безопасности при эксплуатации теплопотребляющих установок и тепловых сетей потребителей; Правила технической эксплуатации тепловых энергоустановок; Правила учета тепловой энергии и теплоносителя; |
| Serie: | Нормативная база |
| Ämnen: | |
| Materialtyp: | MixedMaterials Bok |
| KOHA link: | https://koha.lib.tpu.ru/cgi-bin/koha/opac-detail.pl?biblionumber=212169 |
MARC
| LEADER | 00000nam0a2200000 4500 | ||
|---|---|---|---|
| 001 | 212169 | ||
| 005 | 20231101225733.0 | ||
| 010 | |a 9785424800528 | ||
| 035 | |a (RuTPU)RU\TPU\book\231799 | ||
| 035 | |a RU\TPU\book\118440 | ||
| 090 | |a 212169 | ||
| 100 | |a 20070212d2012 k y0rusy50 ca | ||
| 101 | 0 | |a rus | |
| 102 | |a RU | ||
| 105 | |a y l 000zy | ||
| 200 | 1 | |a Теплоэнергетические установки |e сборник нормативных документов | |
| 210 | |a Москва |c Энас |d 2012 | ||
| 215 | |a 384 с. | ||
| 225 | 1 | |a Нормативная база | |
| 300 | |a Офиц. тексты по состоянию на 01.03.2006 г. | ||
| 330 | |a В сборник включены основные нормативные документы, регламентирующие эксплуатацию теплоэнергетических установок: Правила технической эксплуатации тепловых энергоустановок; Правила техники безопасности при эксплуатации теплопотребляющих установок и тепловых сетей потребителей; Правила учета тепловой энергии и теплоносителя; Положение об оценке готовности электро- и теплоснабжающих организаций к работе в осенне-зимний период. Для руководителей и специалистов предприятий и организаций различных отраслей, форм собственности и ведомственной принадлежности, связанных с эксплуатацией теплоэнергетических установок. | ||
| 464 | |t Правила техники безопасности при эксплуатации теплопотребляющих установок и тепловых сетей потребителей | ||
| 464 | |t Правила технической эксплуатации тепловых энергоустановок | ||
| 464 | |t Правила учета тепловой энергии и теплоносителя | ||
| 606 | 1 | |a Теплоэнергетические установки |2 stltpush |3 (RuTPU)RU\TPU\subj\59827 |9 77324 | |
| 610 | 1 | |a теплоэнергетика | |
| 610 | 1 | |a техническая эксплуатация | |
| 610 | 1 | |a теплогенерирующие энергоустановки | |
| 610 | 1 | |a тепловые сети | |
| 610 | 1 | |a конденсат | |
| 610 | 1 | |a баки-аккумуляторы | |
| 610 | 1 | |a теплопотребляющие энергоустановки | |
| 610 | 1 | |a водоподготовка | |
| 610 | 1 | |a энергетические масла | |
| 610 | 1 | |a оперативно-диспетчерское управление | |
| 610 | 1 | |a нарушения | |
| 610 | 1 | |a нормативные документы | |
| 675 | |a 621.1.002.5(083) |v 3 | ||
| 801 | 1 | |a RU |b 63413507 |c 20120322 | |
| 801 | 2 | |a RU |b 63413507 |c 20120706 |g RCR | |
| 942 | |c BK | ||
| 959 | |a 44/20120321 |d 1 |e 456,90 |f ЧЗКДП:1 | ||